Visualizzazione normale
Vista MARC
- Haydn Franz Joseph
di Personal Name
Records bibliografici associati: 1
001 - CONTROL NUMBER
- control field: 9672
003 - CONTROL NUMBER IDENTIFIER
- control field: IT-RoPau
005 - DATE AND TIME OF LATEST TRANSACTION
- control field: 20140119180400.0
008 - FIXED-LENGTH DATA ELEMENTS
- fixed length control field: 140119|| aca||aabn | a|a d
040 ## - CATALOGING SOURCE
- Original cataloging agency: IT-RoPau
- Transcribing agency: IT-RoPau
100 ## - HEADING--PERSONAL NAME
- Personal name: Haydn Franz Joseph
- Relator term: Autore musica
- Miscellaneous information: Codice autore musica SPICS: 5572
- Name of part/section of a work: L'incontro improvviso: sinfonia - Concerto in do maggiore per organo e orchestra
670 ## - SOURCE DATA FOUND
- Source citation: Work cat.: (IT-RoPau)99039: Mozart Wolfgang Amadeus 1525, Concerto a Vienna al tempo di Mozart